00631nam a22001937a 4500999001900000005001700019010001500036020003000051035001400081037001300095082001100108100001700119245005200136260004000188270004200228300002100270942002500291952012100316 c190228d19022820220720170634.0 aENG-133746 c750.00a978-81-925571-0-4 aEN-117278 bDBAD/PUB a384.54 aGupta, Jyoti aAIR: A journey of all India radio/cJyoti Gupta aAllahabadbAnurag Publicationc2018 a116/70, LukerganjbAllahabade211001 a240p.c22cm(hbk) 2ddccENh384.54mGUP 001040708NFICaBNbBNd2022-07-20eDBAD/PUBg750.00l0o384.54 GUPpEN-117278r2022-07-20 00:00:00t1v750.00yEN